000 00968nam a2200313 i 4500
001 bg
100 1 _aWells, Paul
_d(1961- ).
245 1 _aAnimacja /
_cPaul Wells ; tł. Aleksander Garbiński.
246 1 _iTyt. oryg.:
_aFundamentals of animation
260 _aWarszawa :
_bWydawnictwo Naukowe PWN,
_c2009.
300 _a196 s. :
_bil. kolor. ;
_c23 cm.
490 1 _aSeria Kreatywna
500 _aTyt. oryg.: "The fundamentals of animation" 2006.
504 _aBibliogr. s. 192-193.
650 9 _aGrafika komputerowa
650 9 _aFilm animowany
655 _aPoradniki
700 1 _aGarbiński, Aleksander.
_eTł.
830 _aSeria Kreatywna
020 _a9788301157364
040 _cBPK
041 0 _apol
_heng
044 _aPOL
080 _a791.228:004.928](083.1)
920 _a978-83-01-15736-4
942 _cKS
008 090723s2009 pl a f |000 0 pol
999 _c56551
_d56551
856 _uhttp://koha.tu.koszalin.pl/cgi-bin/koha/opac-detail.pl?biblionumber=56551
_yKatalog online BPK